Hujan masih mencurah

Bibliographic Details
Main Author: Mohd Zan Mat Ali
Format: Book
Published: Shah Alam : Marwilis Publisher , 1992
Subjects:

MARC

LEADER 00000cam a2200000 7i4500
001 0000003496
002 000003766
005 20000330.0
020 |a 9838312096 
090 0 0 |a F   |b MOH 
100 0 |a Mohd Zan Mat Ali 
245 1 0 |a Hujan masih mencurah   |c Mohd Zan Mat Ali 
260 |a Shah Alam :   |b Marwilis Publisher ,   |c 1992 
300 |a 176p. ;   |c 18cm. 
650 0 0 |a General fiction, Malay 
999 |a 024759   |b BUKU   |c PINJAMAN   |e PERPUSTAKAAN KOMUNITI PETALING JAYA 
999 |a 031980   |b BUKU   |c PINJAMAN   |e PERPUSTAKAAN KOMUNITI PETALING JAYA 
999 |a 031981   |b BUKU   |c FICTION   |e PERPUSTAKAAN KOMUNITI PETALING JAYA